| 000 | 01053nam0a22002411 4500 | ||
|---|---|---|---|
| 001 | rc\47619 | ||
| 005 | 20021216125023.1 | ||
| 035 | _a(NLR Aleph) 005327529 | ||
| 090 |
_a6555555 _c6555555 |
||
| 100 | _a20021216d1995 u |0rusy50 ca | ||
| 101 | 0 | _arus | |
| 102 | _aRU | ||
| 105 | _ay ||||||||| | ||
| 200 | 1 |
_aДифференцированная фармакотерапия в начальном периоде психоорганического синдрома сосудистого генеза _eМетод. рекомендации _fС.-Петерб. науч.-исслед. психоневрол. ин-т им. В.М. Бехтерева _g[Сост. Л.С. Круглов] |
|
| 210 |
_aСПб. _cБ. и. _d1995 |
||
| 215 |
_a11, [1] с. _d20 |
||
| 702 | 1 |
_aКруглов _bЛ. С. _4220 |
|
| 712 | 0 | 2 |
_aПсихоневрологический ин-т им. В.М. Бехтерева _cПетербург _3RU\NLR\AUTH\8810003581 |
| 801 | 0 |
_aRU _bNLR _gpsbo |
|
| 801 | 1 |
_aRU _bELAR _2rusmarc |
|
| 852 |
_aNLR _j96-4/4938 |
||
| 942 | _cBOOK | ||
| 980 | _aNB | ||